1032 1485 1630 1619 1774 1641 1743 1838 1628 1729 1563 1676 1825 1201 1274 1991 1731 1965 1412 1500 1300 1332 1489 1192 1518 1440 1895 1959 1565 1863 1802 1146 1329 1893 1695 1927 1533 1038 1428 1140 1151 1027 1696 1765 1146 1099 1481 1481 1357 1551 1767 1047 1736 1323 1316 1111 1042 1514 1124 1999 1907 1220 1344 1198 1074 1754 1227 1141 1888 1127 1928 1672 1377 1709 1466 1773 1806 1761 1694 1853 1709 1609 1407 1899 1214 1499 1265 1111 1357 1144 1527 1195 1910 1484 1916 1371 1943 1560 1730 BCNSPRNW ULIB Ver.6.0+V

เปลี่ยนเป็นภาษาไทย

Change to English
 แสดงรายละเอียดบรรณานุกรม
  กลับหน้าหลัก

Brief Record : Get Marc (ISO 2709) : E-mail record : QR code < ปิดหน้าต่าง
LEADER : 00000nam 2200000uu 4500
001    13399110352
003     ULIB
008    110429s2544||||th 000 0 tha d
020    9745855227
060 04 WM420^bส265จ 2544
100 0  สมพร บุษราทิจ
245 10 จิตบำบัดแบบอิงทฤษฎีจิตวิเคราะห์ /^cสมพร บุษราทิจ, ศุภโชคสิงหกันต์, สนทรรศ บุษราทิจ
250    พิมพ์ครั้งที่ 2
260    กรุงเทพฯ :^bโรงพิมพ์เรือนแก้วการพิมพ์,^c2544
300    167 หน้า ;^c19 ซม.
504    บรรณานุกรมและดรรชนี
650  7 จิตบำบัด
653    ผลงานอาจารย์คณะแพทยศาสตร์ศิริราชพยาบาล
700 0  ศุภโชค สิงหกันต์
700 0  สนทรรศ บุษราทิจ
945    ^p100^l0^i018811
995    ทศพร
999 ^a ใช้งานได้ทุกระบบ
รายการนี้ยังไม่มีแท็ก
คุณยังไม่ได้ล็อกอิน คุณสามารถมีกิจกรรมร่วมกับเว็บไซต์ได้ แต่ต้องล็อกอินก่อน ::
  ล็อกอิน

รายการสื่อสารสนเทศ

ลำดับที่ ประเภท เลขเรียก/บาร์โค้ด สถานที่ สถานะ
- ไม่พบข้อมูล -

รายการใกล้เคียง
    หัวเรื่อง [จิตบำบัด]

BibComment


ยังไม่เคยถูกคอมเมนท์

คอมเมนท์ทรัพยากรรายการนี้
  คอมเมนท์: จิตบำบัดแบบอิงทฤษ..


 Copyright 2026. Bcnsprnw @Library